[Event "Frascati Santa Cecilia op 2nd"]
[Site "Frascati"]
[Date "2009.11.22"]
[Round "4"]
[White "Bernardinetti, Luca"]
[Black "Parisi, Cosimo"]
[Result "1/2-1/2"]
[WhiteElo "1692"]
[BlackElo "1873"]
[PlyCount "57"]
[EventDate "2009.11.20"]
[EventType "swiss"]
[EventRounds "5"]
[EventCountry "ITA"]
[SourceTitle "EXT 2012"]
[Source "ChessBase"]
[SourceDate "2011.11.24"]
[SourceVersion "1"]
[SourceVersionDate "2011.11.24"]
[SourceQuality "1"]

1. e4 d5 2. exd5 Qxd5 3. Nc3 Qa5 4. d4 c6 5. Nf3 Nf6 6. Bd3 Bg4 7. 0-0 e6 8. h3 Bh5 9. Ne4 Nbd7 10. Re1 Bxf3 11. gxf3 Qh5 12. Bf1 Nxe4 13. fxe4 Qxd1 14. Rxd1 0-0-0 15. Bf4 Nf6 16. Bg2 Be7 17. a3 h6 18. c4 g5 19. Bg3 Nh5 20. d5 Nxg3 21. fxg3 Bd6 22. Kf2 Be5 23. Rd2 c5 24. Rb1 Bd4+ 25. Ke2 e5 26. Rf1 Rdf8 27. Rf6 h5 28. b3 h4 29. g4 1/2-1/2

[Event "Frascati Santa Cecilia op 2nd"]
[Site "Frascati"]
[Date "2009.11.22"]
[Round "5"]
[White "Carnicelli, Valerio"]
[Black "Bernardinetti, Luca"]
[Result "1-0"]
[WhiteElo "1756"]
[BlackElo "1692"]
[PlyCount "93"]
[EventDate "2009.11.20"]
[EventType "swiss"]
[EventRounds "5"]
[EventCountry "ITA"]
[SourceTitle "EXT 2012"]
[Source "ChessBase"]
[SourceDate "2011.11.24"]
[SourceVersion "1"]
[SourceVersionDate "2011.11.24"]
[SourceQuality "1"]

1. e4 e5 2. Nf3 Nc6 3. Bc4 Nf6 4. Ng5 d5 5. exd5 Na5 6. Bb5+ c6 7. dxc6 bxc6 8. Be2 h6 9. Nf3 e4 10. Ne5 Qd4 11. f4 Bc5 12. Rf1 Qd8 13. c3 Bb6 14. b4 Nb7 15. Nxc6 Qd6 16. Ne5 0-0 17. Bb2 Qd8 18. Na3 Nd7 19. Qc2 Nxe5 20. fxe5 Qh4+ 21. g3 Qxh2 22. Qxe4 Qxg3+ 23. Kd1 Qg5 24. Nc4 Rb8 25. Nxb6 axb6 26. Qf4 Qxf4 27. Rxf4 Re8 28. d4 Be6 29. Bf3 Bd7 30. Bxb7 Rxb7 31. Kd2 Be6 32. a3 b5 33. a4 bxa4 34. Rxa4 Kh7 35. Ra1 h5 36. Kd3 Rc7 37. Ra5 Rd7 38. c4 Red8 39. d5 Bxd5 40. cxd5 Rxd5+ 41. Rxd5 Rxd5+ 42. Bd4 Kg6 43. Kc4 Rd8 44. b5 Kg5 45. Rxf7 g6 46. b6 h4 47. e6 1-0

[Event "Frascati Santa Cecilia op 2nd"]
[Site "Frascati"]
[Date "2009.11.21"]
[Round "2"]
[White "Bernardinetti, Luca"]
[Black "Simeone, Giulio"]
[Result "1/2-1/2"]
[WhiteElo "1692"]
[BlackElo "1960"]
[PlyCount "67"]
[EventDate "2009.11.20"]
[EventType "swiss"]
[EventRounds "5"]
[EventCountry "ITA"]
[SourceTitle "EXT 2012"]
[Source "ChessBase"]
[SourceDate "2011.11.24"]
[SourceVersion "1"]
[SourceVersionDate "2011.11.24"]
[SourceQuality "1"]

1. e4 c6 2. d4 d5 3. Nc3 dxe4 4. Nxe4 Nf6 5. Ng3 g6 6. Nf3 Bg7 7. Be2 0-0 8. 0-0 Qc7 9. c3 Nbd7 10. Re1 e5 11. dxe5 Nxe5 12. Nxe5 Qxe5 13. Bf3 Qb5 14. Qb3 Qxb3 15. axb3 Be6 16. b4 Bd5 17. Bxd5 Nxd5 18. Bd2 f5 19. Re2 Kf7 20. Rae1 Rae8 21. Rxe8 Rxe8 22. Rxe8 Kxe8 23. Kf1 Be5 24. Ne2 Kd7 25. g3 b5 26. Nf4 Kd6 27. Ke2 Nb6 28. Nd3 Bg7 29. f4 Kd5 30. b3 Nc8 31. Nf2 Nd6 32. Kd3 Bf8 33. Be3 Ne4 34. Bxa7 1/2-1/2

[Event "Rome d'Inverno op"]
[Site "Rome"]
[Date "2009.02.07"]
[Round "3"]
[White "Franciosi, Claudio"]
[Black "Bernardinetti, Luca"]
[Result "1/2-1/2"]
[WhiteElo "1647"]
[BlackElo "1554"]
[PlyCount "62"]
[EventDate "2009.02.06"]
[EventType "swiss"]
[EventRounds "5"]
[EventCountry "ITA"]
[SourceTitle "EXT 2011"]
[Source "ChessBase"]
[SourceDate "2010.11.26"]
[SourceVersion "1"]
[SourceVersionDate "2010.11.26"]
[SourceQuality "1"]

1. e4 e5 2. Nf3 Nc6 3. Bb5 a6 4. Ba4 b5 5. Bb3 Nf6 6. Ng5 d5 7. exd5 Nd4 8. d6 Nxb3 9. dxc7 Qxc7 10. axb3 Bc5 11. 0-0 h6 12. Nf3 e4 13. Qe2 0-0 14. Ne1 Bg4 15. Nf3 exf3 16. gxf3 Bh3 17. Rd1 Qf4 18. d3 Qf5 19. Kh1 Rfe8 20. Be3 Nd5 21. d4 Bd6 22. Rg1 Nxe3 23. fxe3 Qh5 24. Nd2 Re6 25. Qf2 g5 26. d5 Rg6 27. Ne4 f5 28. Nxd6 Rxd6 29. c4 b4 30. Rad1 Rg6 31. d6 Rd8 1/2-1/2